Представление документа в формате MARC21

ПолеНазваниеЗначение
  Тип записи a
  Библиографический уровень m
001 Контрольный номер RU\infra-m\znanium\bibl\2222136
005 Дата корректировки 20260429142214.1
008 Кодируемые данные 260123s2026 RU g rus u
020 Индекс ISBN __
a ISBN 978-5-8199-0853-2
020 Индекс ISBN __
a ISBN 978-5-16-108958-3 (электр. издание)
020 Индекс ISBN __
a ISBN 978-5-16-014618-8 (ISBN соиздателя)
040 Источник каталогиз. __
a Служба первич. каталог. Общество с ограниченной ответственностью «ЗНАНИУМ»
041 Код языка издания __
a Код языка текста rus
044 Код страны публикации __
a Код страны публикации RU
080 Индекс УДК __
a Индекс УДК 004.272(075.32)
084 Индекс другой классификации/Индекс ББК __
2 Источник индекса rubbk
a Индекс другой классификации/Индекс ББК 32.973я723
084 Индекс другой классификации/Индекс ББК __
2 Источник индекса okso
a Индекс другой классификации/Индекс ББК 09.02.03
084 Индекс другой классификации/Индекс ББК __
2 Источник индекса okso
a Индекс другой классификации/Индекс ББК 09.02.05
084 Индекс другой классификации/Индекс ББК __
2 Источник индекса okso
a Индекс другой классификации/Индекс ББК 09.02.07
100 Автор __
a Автор Лупин С. А.
q Полное имя Лупин Сергей Андреевич
u Дополнение Московский институт электронной техники
245 Заглавие __
a Заглавие Технологии параллельного программирования
b Продолж. заглавия Учебное пособие
c Ответственность Московский институт электронной техники
250 Сведения об издании __
a Основные сведения об издании 1
260 Выходные данные __
a Место издания Москва
b Издательство Издательский Дом "ФОРУМ"
c Дата издания 2026
300 Физическое описание __
a Объем 206 с.
440 Серия __
a Серия Среднее профессиональное образование
520 Аннотация __
a Аннотация Рассматриваются современные средства разработки параллельных программ для многопроцессорных и многоядерных систем с общей и распределенной памятью: библиотеки MPI POSIX Threads система ОреnМР. Изложение материала построено по принципу постепенного усложнения и базируется на примерах реализации различных вычислительных алгоритмов. Книга предназначена для студентов учреждений среднего профессионального образования обучающихся по укрупненной группе специальностей 09.02.00 «Информатика и вычислительная техника».
521 Примеч. о цел. назн. __
a Примеч. о целев. назн. Среднее профессиональное образование
650 Тематические рубрики __
a Основная рубрика Информатика. Вычислительная техника
x Основная подрубрика Программирование и алгоритмизация
655 Указ. предметных рубрик (устаревшее) __
a Жанр/ форма (устаревшее) Учебное пособие
700 Другие авторы __
a Другие авторы Посыпкин М. А.
q Полное имя Посыпкин Михаил Анатольевич
856 Электронный адрес документа 4_
a Имя сервера/домена znanium.ru
m Помощь ebs_support@infra-m.ru
n Местонахождение сервера НИЦ ИНФРА-М
u URL https://znanium.ru/catalog/document?id=477086
856 Электронный адрес документа 48
a Имя сервера/домена znanium.ru
d Путь /cover/2222
f Электронное имя 2222136.jpg
q Тип электронного формата image/jpeg
u URL https://znanium.ru/cover/2222/2222136.jpg
911 __
u 0030=https://znanium.ru/catalog/document?id=477086